000 01061nam a2200241 a 4500
001 68595
003 BD-RjUL
005 20211209081805.0
008 170404s1967 bg |||| |||| 000 0 ben d
035 _a(BD-RjUL)68805
040 _aBD-RjUL
_bben
_cBD-RjUL
_dBD-RjUL
041 _aben
082 _223
_a973.7092
_bTHA 1967
100 1 _aটমাস, বেনজামিন পি.
_9203327
245 1 0 _aআব্রাহাম লিম্কন /
_cবেনজামিন পি. টমাস, অনুবাদক- আবদুল কাদের ও আবুল হোসেন চৌধুরী
260 _aঢাকা :
_bরায়হান পাবলিকেশন,
_c১৯৬৭
300 _a২১৮ পৃ. ;
_c২৫ সেমি.
600 _aলিম্কন, আব্রাহাম
_d১৮০৯-১৮৬৫
_9203331
600 _aLincoln, Abraham,
_d1809-1865
_9203332
700 _aকাদের, আবদুল
_9126805
700 _aচৌধুরী, আবুল হোসেন
_9203330
942 _2ddc
_cBK
999 _c68595
_d68595